Techniques & principles in language teaching

Gespeichert in:
Bibliographische Detailangaben
1. Verfasser: Larsen-Freeman, Diane
Weitere Verfasser: Anderson, Marti
Format: Buch
Sprache:Englisch
Veröffentlicht: Oxford Oxford University Press 2016
Ausgabe:3rd ed.
Schlagworte:
Tags: Tag hinzufügen
Keine Tags, Fügen Sie das erste Tag hinzu!

MARC

LEADER 00000nam a2200000 4500
001 0189995
005 20230109072839.4
020 |a 978-0-19-442360-1 
041 0 |a eng 
044 |a GB 
245 1 0 |a Techniques & principles in language teaching  |c Diane Larsen-Freeman and Marti Anderson 
250 |a 3rd ed. 
264 1 |a Oxford  |b Oxford University Press  |c 2016 
300 |a 252 s. 
610 2 0 |a jazykoveda 
610 2 0 |a vzdelávanie 
610 2 0 |a vyučovanie 
610 2 0 |a metodika 
610 2 0 |a technika 
610 2 0 |a digitalizácia 
610 2 0 |a gramatika 
100 1 |a Larsen-Freeman, Diane 
700 1 |a Anderson, Marti